Роман-газета. 2022, № 22 (1915): Карабатыр (Запись № 12821811)

Подробности
000 -МАРКЕР
контрольное поле 01573nam2a2200313 4500
001 - ИДЕНТИФИКАТОР ЗАПИСИ
контрольное поле RU\NLR\BIBL_A\016249176
005 - ИДЕНТИФИКАТОР ВЕРСИИ
контрольное поле 20250625011746.0
035 ## - ДРУГИЕ СИСТЕМНЫЕ НОМЕРА
Идентификатор записи (NLR Aleph) 016249176
100 ## - ДАННЫЕ ОБЩЕЙ ОБРАБОТКИ
Данные общей обработки 20221227d2022 |||y0rusy50 ca
101 0# - ЯЗЫК РЕСУРСА
Язык текста, звукозаписи и т.д. русский
102 ## - СТРАНА ПУБЛИКАЦИИ ИЛИ ПРОИЗВОДСТВА
Страна публикации Российская Федерация
200 1# - ЗАГЛАВИЕ И СВЕДЕНИЯ ОБ ОТВЕТСТВЕННОСТИ
Основное заглавие Карабатыр
Первые сведения об ответственности Иса Капаев
210 ## - ПУБЛИКАЦИЯ, РАСПРОСТРАНЕНИЕ И ДР.
Дата издания, распространения и т.д. 2022
Место издания, распространения и т.д. Б. м.
327 1# - ПРИМЕЧАНИЯ О СОДЕРЖАНИИ
Текст примечания Содерж.: Гармонистка; Карабатыр; Куплю курицу; Несостоявшийся сабантой; Рекламное приложение; Йолмамбет, Йома, Ё-моё
461 #0 - УРОВЕНЬ НАБОРА
Встроенное поле 001RU\NLR\INFOCOMM10\1000300670
-- 2001#$aРоман-газета$v2022, № 22 (1915)
Системный номер (АБИС) связанной записи 4306815
Место публикации М.
Дата публикации 1977-
Имя издателя, распространителя и т.д. Худож. лит.
Заглавие Роман-газета
ISSN 0131-6044
Номер тома 2022, № 22 (1915)
464 #0 - АНАЛИТИЧЕСКИЙ УРОВЕНЬ
Встроенное поле 2001#$aГармонистка
Заглавие Гармонистка
464 #0 - АНАЛИТИЧЕСКИЙ УРОВЕНЬ
Встроенное поле 2001#$aКарабатыр
Заглавие Карабатыр
464 #0 - АНАЛИТИЧЕСКИЙ УРОВЕНЬ
Встроенное поле 2001#$aКуплю курицу
Заглавие Куплю курицу
464 #0 - АНАЛИТИЧЕСКИЙ УРОВЕНЬ
Встроенное поле 2001#$aНесостоявшийся сабантой
Заглавие Несостоявшийся сабантой
464 #0 - АНАЛИТИЧЕСКИЙ УРОВЕНЬ
Встроенное поле 2001#$aРекламное приложение
Заглавие Рекламное приложение
464 #0 - АНАЛИТИЧЕСКИЙ УРОВЕНЬ
Встроенное поле 2001#$aЙолмамбет, Йома, Ё-моё
Заглавие Йолмамбет, Йома, Ё-моё
686 2# - ИНДЕКСЫ ДРУГИХ КЛАССИФИКАЦИЙ
Индекс Ш6(2=Ног)7-4
700 #1 - ИМЯ ЛИЦА - ПЕРВИЧНАЯ ОТВЕТСТВЕННОСТЬ
Графика поля Кириллица
Материалы, к которым относится поле rus
Начальный элемент ввода Капаев
Часть имени, кроме начального элемента ввода И. С.
Даты 1949-
Расширение инициалов личного имени Иса Суюнович
Системный номер авторитетной/нормативной записи 234437
Идентификатор авторитетной/нормативной записи RU\NLR\AUTH\770234493
852 ## - МЕСТОНАХОЖДЕНИЕ И ШИФР ХРАНЕНИЯ
Идентификатор организации NLR
Шифр хранения (Call Number) П35/504
942 ## - ДОПОЛНИТЕЛЬНЫЕ ЭЛЕМЕНТЫ ЗАПИСИ (АБИС)
Тип экземпляра АБИС Выпуск
980 ## - КОЛЛЕКЦИЯ
Название коллекции Национальная библиография

Нет доступных экземпляров.